Barack Hussein Obama /

Bibliographic Details
Main Author: Najib Amin Sahib
Format: Book
Published: Petaling Jaya: Kharisma Network, 2009.
Subjects:
LEADER 00776cam a2200229 7i4500
001 0000062950
005 20151104090000.0
005 ##20151104185300.0
003 ##MY-KlINT
020 # # |a 9789675029141  
039 # 9 |y 201511041853  |z VLOAD 
090 0 0 |a 328.73092 NAJ  
100 1 # |a Najib Amin Sahib. 
245 1 0 |a Barack Hussein Obama /   |c Najib Amin Sahib.. 
260 # # |a Petaling Jaya:   |b Kharisma Network,   |c 2009. 
300 # # |a 159ms:   |b ill;   |c 21cm. 
650 # 0 |a African American legislators --   |x Biography --   |x Juvenile literature  
650 # 0 |a Legislators --   |x United States --   |x Biography --   |x Juvenile literature  
996 |a ikwas2010.out 
997 |a 3000014180  |b IKWS  |c MNF  |d BOK 
998 |a 0000009959 
999 |a 3000014180  |b BOOK  |c Main Non-Fiction  |e INTAN Kampus Wilayah Selatan